[Event "Bezirksliga Oberbayern 1819"]
[Site "Bayern"]
[Date "2018.12.16"]
[Round "4.1"]
[White "Luetkemeyer, Arnd"]
[Black "Ovsepyan, Arshak"]
[Result "0-1"]
[WhiteElo "1939"]
[BlackElo "2129"]
[PlyCount "44"]
[EventDate "2018.10.21"]
[EventType "team-tourn"]
[EventRounds "9"]
[EventCountry "GER"]
[SourceTitle "EXT 2022"]
[Source "ChessBase"]
[SourceDate "2021.10.06"]
[SourceVersion "1"]
[SourceVersionDate "2021.10.06"]
[SourceQuality "1"]
[WhiteTeam "Germering II"]
[BlackTeam "Graefelfing SK"]
[WhiteTeamCountry "GER"]
[BlackTeamCountry "GER"]

1. e4 Nf6 2. e5 Nd5 3. d4 d6 4. Na3 g6 5. exd6 cxd6 6. Qf3 Nc7 7. Bd3 Bg7 8. Ne2 Nc6 9. c3 0-0 10. 0-0 e5 11. Nb5 a6 12. Nxc7 Qxc7 13. dxe5 dxe5 14. Be4 Be6 15. Bd5 Bxd5 16. Qxd5 Rad8 17. Qc4 Rd7 18. Be3 Nd4 19. Qxc7 Nxe2+ 20. Kh1 Rxc7 21. g3 Nxc3 22. bxc3 Rxc3 0-1

[Event "Bayernliga U20 1718"]
[Site "Bayern"]
[Date "2017.12.02"]
[Round "2.1"]
[White "Vuckovic, Zarko"]
[Black "Ovsepyan, Arshak"]
[Result "1/2-1/2"]
[WhiteElo "2087"]
[BlackElo "2101"]
[PlyCount "61"]
[EventDate "2017.11.18"]
[EventType "team-tourn"]
[EventRounds "7"]
[EventCountry "GER"]
[SourceTitle "EXT 2022"]
[Source "ChessBase"]
[SourceDate "2021.10.06"]
[SourceVersion "1"]
[SourceVersionDate "2021.10.06"]
[SourceQuality "1"]
[WhiteTeam "Augsburg SF U20"]
[BlackTeam "Graefelfing SK U20"]
[WhiteTeamCountry "GER"]
[BlackTeamCountry "GER"]

1. e4 Nf6 2. e5 Nd5 3. c4 Nb6 4. d4 d6 5. exd6 cxd6 6. Nc3 g6 7. c5 dxc5 8. dxc5 N6d7 9. Bb5 Bg7 10. Nge2 0-0 11. Be3 Ne5 12. 0-0 Nbc6 13. h3 Be6 14. Qa4 Qc8 15. Nf4 a6 16. Be2 g5 17. Nfd5 Bxd5 18. Nxd5 Qf5 19. f4 Ng6 20. Rad1 gxf4 21. Bxf4 Nxf4 22. Rxf4 Qe5 23. Re4 Qxb2 24. Nxe7+ Nxe7 25. Rxe7 Rad8 26. Rf1 Rd2 27. Qc4 Qxa2 28. Qxa2 Rxa2 29. Bc4 Rc2 30. Bxf7+ Kh8 31. Bb3 1/2-1/2

[Event "Bayernliga U20 1718"]
[Site "Bayern"]
[Date "2017.11.18"]
[Round "1.1"]
[White "Ovsepyan, Arshak"]
[Black "Leeb, Simon"]
[Result "0-1"]
[WhiteElo "2101"]
[BlackElo "2198"]
[PlyCount "88"]
[EventDate "2017.11.18"]
[EventType "team-tourn"]
[EventRounds "7"]
[EventCountry "GER"]
[SourceTitle "EXT 2022"]
[Source "ChessBase"]
[SourceDate "2021.10.06"]
[SourceVersion "1"]
[SourceVersionDate "2021.10.06"]
[SourceQuality "1"]
[WhiteTeam "Graefelfing SK U20"]
[BlackTeam "Muenchen Suedost U20"]
[WhiteTeamCountry "GER"]
[BlackTeamCountry "GER"]

1. e4 c6 2. g3 d5 3. e5 c5 4. Bg2 Nc6 5. f4 h5 6. Nf3 Nh6 7. d3 Bg4 8. Nc3 e6 9. 0-0 Nf5 10. Ne2 h4 11. Qe1 c4 12. Qf2 Qb6 13. Qxb6 axb6 14. h3 Bc5+ 15. Kh2 cxd3 16. cxd3 hxg3+ 17. Nxg3 Ke7 18. Bd2 Ne3 19. Bxe3 Bxe3 20. Ng5 Ra4 21. Bf3 Bxf3 22. Nxf3 Bxf4 23. b3 Raa8 24. d4 Rh6 25. h4 Nxd4 26. Nxd4 Rxh4+ 27. Kg2 Bxg3 28. Kxg3 Rxd4 29. Rac1 Rd3+ 30. Kg4 f5+ 31. exf6+ gxf6 32. Rc7+ Kd6 33. Rxb7 f5+ 34. Kg5 Rg3+ 35. Kf4 Rg4+ 36. Kf3 e5 37. Rxb6+ Kc5 38. Rf6 Rf4+ 39. Kg2 Rxa2+ 40. Kg1 Rxf1+ 41. Kxf1 f4 42. b4+ Kxb4 43. Rf5 e4 44. Rxd5 Kc4 0-1

[Event "GER-chT U16"]
[Site "Neumarkt in der Oberpfalz"]
[Date "2016.12.28"]
[Round "4.1"]
[White "Sieber, Fiona"]
[Black "Ovsepyan, Arshak"]
[Result "1-0"]
[WhiteElo "2153"]
[BlackElo "2139"]
[PlyCount "63"]
[EventDate "2016.12.27"]
[EventType "team-swiss"]
[EventRounds "7"]
[EventCountry "GER"]
[SourceTitle "EXT 2018"]
[Source "ChessBase"]
[SourceDate "2017.10.13"]
[SourceVersion "1"]
[SourceVersionDate "2017.10.13"]
[SourceQuality "1"]
[WhiteTeam "Magdeburg Aufbau Elbe"]
[BlackTeam "Graefelfing"]
[WhiteTeamCountry "GER"]
[BlackTeamCountry "GER"]

1. e4 Nf6 2. e5 Nd5 3. d4 d6 4. c4 Nb6 5. exd6 cxd6 6. d5 e5 7. Nc3 g6 8. Bd3 Bg7 9. Nge2 0-0 10. 0-0 Na6 11. b3 Nc5 12. Bc2 Bd7 13. Be3 Qc7 14. Rc1 Rac8 15. Bb1 Qb8 16. Kh1 Rfe8 17. f4 exf4 18. Bxf4 Bg4 19. Qd2 Bxe2 20. Nxe2 Be5 21. Nd4 Ncd7 22. Rc3 Bxd4 23. Qxd4 Ne5 24. Bg5 f5 25. Rg3 Rc7 26. Bxf5 gxf5 27. Be7+ Ng6 28. Bxd6 Qd8 29. Bxc7 Qxc7 30. Rg5 Re4 31. Qf6 Rh4 32. Rxg6+ 1-0

[Event "Landesliga U20 Sued 1617"]
[Site "Bayern"]
[Date "2016.11.12"]
[Round "1.1"]
[White "Ovsepyan, Arshak"]
[Black "Ciolek, Andreas"]
[Result "0-1"]
[WhiteElo "2104"]
[BlackElo "2211"]
[PlyCount "74"]
[EventDate "2016.11.12"]
[EventType "team-tourn"]
[EventRounds "7"]
[EventCountry "GER"]
[SourceTitle "EXT 2022"]
[Source "ChessBase"]
[SourceDate "2021.10.06"]
[SourceVersion "1"]
[SourceVersionDate "2021.10.06"]
[SourceQuality "1"]
[WhiteTeam "Graefelfing SK U20"]
[BlackTeam "Unterhaching U20"]
[WhiteTeamCountry "GER"]
[BlackTeamCountry "GER"]

1. d4 Nf6 2. c4 g6 3. Nc3 Bg7 4. e4 d6 5. Nge2 0-0 6. Ng3 e5 7. d5 a5 8. Be2 Na6 9. h4 h5 10. Bg5 Qe8 11. Qd2 Ng4 12. f3 Nf6 13. Nf1 Nh7 14. g4 f5 15. gxf5 gxf5 16. exf5 Bxf5 17. Rg1 Kh8 18. Ng3 Bg6 19. Nge4 Rg8 20. 0-0-0 Qf7 21. Be3 Bf6 22. Ng5 Bxg5 23. hxg5 Nb4 24. b3 a4 25. a3 Nc2 26. bxa4 Qf5 27. Ne4 Nxe3 28. Qxe3 Rxa4 29. Kb2 Rga8 30. Rc1 Rxa3 31. Qxa3 Rxa3 32. Kxa3 Qf4 33. Rce1 h4 34. Kb3 h3 35. Kc2 h2 36. Rh1 Nxg5 37. Bd3 Nxf3 0-1

[Event "GER-ch U16"]
[Site "Willingen"]
[Date "2016.05.17"]
[Round "4"]
[White "Ovsepyan, Arshak"]
[Black "Savchenko, Daniel"]
[Result "1-0"]
[WhiteElo "2078"]
[BlackElo "1952"]
[PlyCount "119"]
[EventDate "2016.05.15"]
[EventType "swiss"]
[EventRounds "9"]
[EventCountry "GER"]
[SourceTitle "CBM 172 Extra"]
[Source "ChessBase"]
[SourceDate "2016.06.21"]
[SourceVersion "1"]
[SourceVersionDate "2016.06.21"]
[SourceQuality "1"]

1. e4 e5 2. Nf3 Nf6 3. d4 Nxe4 4. Bd3 d5 5. dxe5 Nc5 6. Be2 Ne6 7. 0-0 Be7 8. Be3 0-0 9. c4 dxc4 10. Bxc4 Nd7 11. Nc3 c6 12. Qb3 Nb6 13. Rfd1 Qc7 14. Ne4 Nxc4 15. Qxc4 Bd7 16. Nd6 b6 17. Rac1 Bxd6 18. exd6 Qb7 19. b4 a5 20. a3 Rfc8 21. Ne5 axb4 22. axb4 c5 23. bxc5 bxc5 24. Rb1 Qa7 25. Qd5 Nd8 26. Qf3 Qa4 27. Bxc5 Bf5 28. Qxf5 Rxc5 29. Re1 f6 30. f4 Qd4+ 31. Kh1 fxe5 32. fxe5 Qxd6 33. Rbd1 Qf8 34. Qd7 Nc6 35. e6 Qe7 36. Qd3 Rd8 37. Qa3 Rcd5 38. Rxd5 Qxa3 39. Rxd8+ Nxd8 40. e7 Qxe7 41. Rxe7 Kf8 42. Ra7 Nc6 43. Rc7 Ne7 44. g3 Kf7 45. Kg2 Kf6 46. Kf3 h6 47. Ke4 Ng8 48. Rc6+ Kf7 49. Ke5 Nf6 50. Rc7+ Kg6 51. h3 Ne8 52. Re7 Nf6 53. g4 Nh7 54. h4 Nf6 55. Re6 Kf7 56. g5 hxg5 57. hxg5 Nd7+ 58. Kf5 Nc5 59. g6+ Kf8 60. Rc6 1-0

[Event "GER-ch U16"]
[Site "Willingen"]
[Date "2016.05.16"]
[Round "3"]
[White "Gungl, Theo"]
[Black "Ovsepyan, Arshak"]
[Result "1-0"]
[WhiteElo "2193"]
[BlackElo "2078"]
[PlyCount "131"]
[EventDate "2016.05.15"]
[EventType "swiss"]
[EventRounds "9"]
[EventCountry "GER"]
[SourceTitle "CBM 172 Extra"]
[Source "ChessBase"]
[SourceDate "2016.06.21"]
[SourceVersion "1"]
[SourceVersionDate "2016.06.21"]
[SourceQuality "1"]

1. e4 Nf6 2. e5 Nd5 3. d4 d6 4. c4 Nb6 5. exd6 cxd6 6. Nc3 g6 7. Be3 Bg7 8. Rc1 0-0 9. b3 Nc6 10. Be2 Re8 11. Nf3 Bg4 12. 0-0 d5 13. c5 Nc8 14. Qd2 Bxf3 15. Bxf3 e6 16. Rfd1 a6 17. Ne2 N8e7 18. Bg4 Qd7 19. Bh6 Bh8 20. Rc3 Nf5 21. Bxf5 exf5 22. Be3 Re4 23. g3 Rae8 24. Rd3 g5 25. Kh1 R4e6 26. Ng1 h6 27. Nf3 Re4 28. Rg1 Bg7 29. Ne1 Ne7 30. f3 Re6 31. f4 g4 32. Nc2 h5 33. Kg2 h4 34. a4 Rh6 35. Re1 hxg3 36. hxg3 Ng6 37. Bf2 Re4 38. Qc1 Bf6 39. Rdd1 Qe6 40. Qd2 Rh3 41. b4 Bd8 42. b5 axb5 43. axb5 Bc7 44. Be3 Qe7 45. Qf2 Nh4+ 46. gxh4 Rf3 47. Qxf3 gxf3+ 48. Kxf3 Qxh4 49. Rh1 Qg4+ 50. Kf2 Rxf4+ 51. Bxf4 Qxf4+ 52. Ke2 Ba5 53. Ne3 Qe4 54. Rdg1+ Kf8 55. Rh8+ Ke7 56. Rh4 Qe6 57. Rf1 Bc7 58. Rxf5 Qd7 59. Rh7 Qxb5+ 60. Kf3 Qb1 61. Rfxf7+ Ke6 62. Re7+ Kf6 63. Ng4+ Kg5 64. Reg7+ Kf5 65. Rh5+ Ke6 66. Rh6+ 1-0

[Event "GER-chT U16"]
[Site "Lingen"]
[Date "2015.12.27"]
[Round "2.1"]
[White "Boehning, Kilian"]
[Black "Ovsepyan, Arshak"]
[Result "0-1"]
[WhiteElo "2013"]
[BlackElo "2067"]
[PlyCount "62"]
[EventDate "2015.12.27"]
[EventType "team-swiss"]
[EventRounds "7"]
[EventCountry "GER"]
[SourceTitle "EXT 2017"]
[Source "ChessBase"]
[SourceDate "2016.10.25"]
[SourceVersion "1"]
[SourceVersionDate "2016.10.25"]
[SourceQuality "1"]
[WhiteTeam "Hagen"]
[BlackTeam "Graefelfing"]
[WhiteTeamCountry "GER"]
[BlackTeamCountry "GER"]

1. e4 Nf6 2. e5 Nd5 3. c4 Nb6 4. a4 a5 5. d4 d6 6. exd6 exd6 7. Bd3 Be7 8. Ne2 Bf6 9. Be3 0-0 10. Nbc3 Nc6 11. Ne4 Nb4 12. N2g3 d5 13. Nxf6+ Qxf6 14. b3 dxc4 15. bxc4 Qc6 16. c5 Nxa4 17. Bxh7+ Kxh7 18. Rxa4 Qxg2 19. Ra3 Kg8 20. Kd2 Nd5 21. Kc1 Be6 22. Rg1 Nxe3 23. fxe3 Qd5 24. Nh5 Qc4+ 25. Kd2 Qb4+ 26. Rc3 Qb2+ 27. Rc2 Qb4+ 28. Rc3 Qb2+ 29. Rc2 Qb4+ 30. Ke2 g6 31. d5 Bg4+ 0-1

[Event "Regionalliga SO 1516"]
[Site "Bayern"]
[Date "2015.11.15"]
[Round "3.1"]
[White "Poetsch, Klaus"]
[Black "Ovsepyan, Arshak"]
[Result "1/2-1/2"]
[WhiteElo "2123"]
[BlackElo "2090"]
[PlyCount "57"]
[EventDate "2015.10.11"]
[EventType "team-tourn"]
[EventRounds "9"]
[EventCountry "GER"]
[SourceTitle "EXT 2018"]
[Source "ChessBase"]
[SourceDate "2017.10.13"]
[SourceVersion "1"]
[SourceVersionDate "2017.10.13"]
[SourceQuality "1"]
[WhiteTeam "Waldkraiburg"]
[BlackTeam "Graefelfing"]
[WhiteTeamCountry "GER"]
[BlackTeamCountry "GER"]

1. d4 Nf6 2. c4 g6 3. Nc3 d5 4. cxd5 Nxd5 5. e4 Nxc3 6. bxc3 Bg7 7. Bg5 c5 8. Rc1 Qa5 9. Qd2 0-0 10. Nf3 Bg4 11. d5 Qa4 12. Bd3 c4 13. Bb1 Bxf3 14. gxf3 Qd7 15. h4 h5 16. Bh6 e5 17. Rg1 Qd6 18. Kf1 Nd7 19. Qg5 Kh7 20. Bxg7 Kxg7 21. Re1 Qf6 22. Qxf6+ Kxf6 23. Bc2 b5 24. Rb1 Rfb8 25. Ke2 Ke7 26. Ke3 a5 27. f4 exf4+ 28. Kxf4 Nc5 29. a3 1/2-1/2

[Event "Regionalliga SO 1415"]
[Site "Bayern"]
[Date "2015.02.22"]
[Round "7.4"]
[White "Ovsepyan, Arshak"]
[Black "Krause, Christian"]
[Result "1/2-1/2"]
[WhiteElo "2090"]
[BlackElo "1953"]
[PlyCount "99"]
[EventDate "2014.10.19"]
[EventType "team-tourn"]
[EventRounds "9"]
[EventCountry "GER"]
[SourceTitle "EXT 2018"]
[Source "ChessBase"]
[SourceDate "2017.10.13"]
[SourceVersion "1"]
[SourceVersionDate "2017.10.13"]
[SourceQuality "1"]
[WhiteTeam "Graefelfing"]
[BlackTeam "Ebersberg Grafing"]
[WhiteTeamCountry "GER"]
[BlackTeamCountry "GER"]

1. d4 g6 2. c4 d6 3. Nc3 Bg7 4. e4 e5 5. d5 a5 6. Nge2 Na6 7. Ng3 Nc5 8. Be2 Ne7 9. Be3 b6 10. h4 f5 11. exf5 Nxf5 12. Bg5 Bf6 13. Nge4 Nxe4 14. Nxe4 Be7 15. Qd2 h6 16. Bxe7 Qxe7 17. g3 Bd7 18. 0-0-0 Nd4 19. g4 Qf7 20. g5 Nxe2+ 21. Qxe2 Qf4+ 22. Qe3 0-0-0 23. Qxf4 exf4 24. Nf6 Rdf8 25. Kd2 Rf7 26. Ke2 Re7+ 27. Kf3 Re5 28. Rde1 Rxe1 29. Rxe1 hxg5 30. hxg5 Rh3+ 31. Kxf4 Rh4+ 32. Ke3 Rxc4 33. f4 Bf5 34. Re2 b5 35. Ng8 Kd7 36. Nh6 Bb1 37. Rg2 Re4+ 38. Kf3 Re1 39. Rd2 Rf1+ 40. Ke3 b4 41. a3 c5 42. dxc6+ Kxc6 43. axb4 axb4 44. Ng8 Kc5 45. Nf6 Re1+ 46. Kf2 Rh1 47. Kg2 Re1 48. Kf3 Rf1+ 49. Ke3 Re1+ 50. Kf2 1/2-1/2

[Event "Basel op"]
[Site "Basel"]
[Date "2015.01.05"]
[Round "7"]
[White "Vulevic, Vjekoslav"]
[Black "Ovsepyan, Arshak"]
[Result "0-1"]
[WhiteElo "2313"]
[BlackElo "2102"]
[PlyCount "92"]
[EventDate "2015.01.01"]
[EventType "swiss"]
[EventRounds "7"]
[EventCountry "SUI"]
[SourceTitle "CBM 164 Extra"]
[Source "ChessBase"]
[SourceDate "2015.03.02"]
[SourceVersion "1"]
[SourceVersionDate "2015.03.02"]
[SourceQuality "1"]

1. e4 e6 2. d3 d5 3. Nd2 Nf6 4. Ngf3 Nc6 5. Be2 Be7 6. 0-0 0-0 7. c3 e5 8. Re1 Bg4 9. h3 Bxf3 10. Bxf3 d4 11. c4 Nd7 12. a3 a5 13. b3 Nc5 14. Be2 Bg5 15. Nf3 Bxc1 16. Rxc1 Qe7 17. Ra1 Rab8 18. Qc2 Rfd8 19. Reb1 Na6 20. Qd2 b5 21. cxb5 Rxb5 22. Bd1 Rdb8 23. Rc1 Rc5 24. Rc4 Rxc4 25. bxc4 Nc5 26. a4 Rb4 27. g3 Qd8 28. Nh4 g6 29. Nf3 Qb8 30. Ra2 Rb1 31. Kg2 Qb4 32. Qh6 Ne6 33. Rd2 Rb2 34. Rxb2 Qxb2 35. h4 Qb1 36. Be2 Qc2 37. Nd2 Qxa4 38. Bg4 Nf8 39. Nf3 Qb4 40. h5 a4 41. hxg6 hxg6 42. Ng5 Ne7 43. Bd7 Nc8 44. Bxc8 a3 45. Bd7 Qe7 46. Ba4 a2 0-1

[Event "GER-ch U14"]
[Site "Magdeburg"]
[Date "2014.06.14"]
[Round "9"]
[White "Buckels, Valentin"]
[Black "Ovsepyan, Arshak"]
[Result "1-0"]
[WhiteElo "2093"]
[BlackElo "2030"]
[PlyCount "67"]
[EventDate "2014.06.08"]
[EventType "swiss"]
[EventRounds "9"]
[EventCountry "GER"]
[SourceTitle "CBM 160 Extra"]
[Source "ChessBase"]
[SourceDate "2014.07.01"]
[SourceVersion "1"]
[SourceVersionDate "2014.07.01"]
[SourceQuality "1"]

1. d4 d5 2. c4 e6 3. Nc3 Nf6 4. cxd5 exd5 5. Bg5 Be7 6. Qc2 0-0 7. e3 c6 8. Bd3 h6 9. Bf4 Nbd7 10. Nge2 Re8 11. 0-0 Nf8 12. f3 Ne6 13. Bg3 c5 14. Bf5 a6 15. Rad1 Qb6 16. Bxe6 Qxe6 17. Bf2 c4 18. e4 Qc6 19. e5 Nd7 20. f4 b5 21. Ng3 Nf8 22. f5 Bg5 23. Be1 Bd7 24. Nce2 a5 25. Bd2 Bxd2 26. Qxd2 b4 27. f6 Nh7 28. fxg7 Bg4 29. h3 Bxe2 30. Qxe2 c3 31. bxc3 bxc3 32. Nf5 Rab8 33. Qh5 Qg6 34. Nxh6+ 1-0